| 000 | 00674nam a2200169 a 4500 | ||
|---|---|---|---|
| 003 | 0 | ||
| 005 | 20250626083309.0 | ||
| 008 | 021118s19uu xx 00 eng d | ||
| 050 |
_aPHS HQ 799.9.L43 _b.Al43 1998 |
||
| 100 | _aAlayu, Maura Vilma B. | ||
| 245 |
_aLeisure time activities of selected teenagers in private schools in Metro Manila / _cMaura Vilma B. Alayu. |
||
| 260 |
_aLas PiƱas City, Philippines : _bSouthville International School and Colleges, _c1998. |
||
| 300 |
_aunnumbered pages : _billustrations ; _c29 cm. |
||
| 650 |
_aLeisure _yPhilippines _zMetro Manila. |
||
| 650 |
_aTeenagers _zPhilippines _zMetro Manila _xSocial life and customs. |
||
| 942 |
_2lcc _cPASS |
||
| 999 |
_c96221 _d96221 |
||